=LDR 00000nam 2200000 4500 =001 INLIS000000000015791 =005 20200826081128 =035 ##$$a 0010-061300000015791 =008 200826################g##########0#ind## =041 ##$$a Ind =082 ##$$a 2x9.21 =090 ##$$a 2x9.21, Hus d =100 1#$$a Husain, Taha =245 1#$$a Dua Tokoh besar dalam sejarah Islam, Abu Bakar da Umar /$c Taha Husain; Ali Audah =250 ##$$a cet.1 =260 ##$$a Jakarta :$b Pustaka Jaya,$c 1986 =300 ##$$a 272 hlm., ; $c 14 x 21 cm =650 #4$$a Sejarah Islam =650 #4$$a Khulataurrasyidin =700 #$$a Alih bahasa, Audah,Ali =850 ##$$a NBPNMAT =084 ##$$a 2x9.21 HUS d =990 ##$$a 71.179/pro94 =990 ##$$a 103.703/pro96 =990 ##$$a 00087999